Murder Drones Characters - Statistics

General Stats
  • This quiz has been taken 348 times
  • The average score is 19 of 45
Answer Stats
Role Answer % Correct
Deuteragonist Serial Designation N-0X0010010
100%
Main Protagonist Uzi Doorman
98%
Secondary Antagonist Serial Designation J-10X111001
96%
Tritagonist Serial Designation V-X00100000
95%
Major Antagonist Cyn
94%
Supporting Character Khan Doorman
89%
Posthumous Overarching Protagonist Tessa James Elliott
85%
Secondary Antagonist Doll
84%
Supporting Character Thad
83%
Supporting Character Lizzy
82%
Supporting Character Nori Doorman
78%
Main Antagonist The Solver of the Absolute Fabric
71%
Minor Antagonist Beau
55%
Minor Antagonist Alice
51%
Supporting Character Yeva
51%
Recurring Minor Character Teacher
49%
Recurring Minor Character Rebecca
48%
Minor Character James Elliott
39%
Minor Character Emily
33%
Minor Character Louisa Elliott
31%
Minor Character Lord Frumptlebucket
30%
Minor Character Sam
30%
Relevant Object/Character Keybug
29%
Minor Character Darren
28%
Minor Antagonist/Protagonist Sparky
25%
Recurring Minor Character Braidon
24%
Minor Character Frank
24%
Minor Character Ron
22%
Minor Character Braxton
20%
Minor Character Doctor Ridley
20%
Minor Character Mitchell
20%
Minor Character Doll"s Father
18%
Minor Character Grant
18%
Minor Character Katie
18%
Minor Character Tim
18%
Minor Character Amda
17%
Minor Character Penny
17%
Minor Character Riley
17%
Minor Character Makarov
16%
Minor Character Todd
16%
Minor Character Kelsey Day
15%
Minor Character Sarah
15%
Minor Character Trevor
15%
Minor Character Ronathon
14%
Minor Character Reid
13%
No matching quizzes found
Score Distribution
Percent of People with Each Score
Percentile by Number Answered
Your Score History
You have not taken this quiz